Normal view
MARC view
Entry Personal Name
001 - CONTROL NUMBER
- control field: 39709
003 - CONTROL NUMBER IDENTIFIER
- control field: dpl
005 - DATE AND TIME OF LATEST TRANSACTION
- control field: 20120119131836.0
008 - FIXED-LENGTH DATA ELEMENTS
- fixed length control field: 120119|||a|||||| | ||| d
040 ## - CATALOGING SOURCE
- Original cataloging agency: dpl
- Transcribing agency: dpl
100 ## - HEADING--PERSONAL NAME
- Personal name: गुप्ते, सुनीला
670 ## - SOURCE DATA FOUND
- Source citation: Work cat.: (dpl): गुप्ते, सुनीला 39706, कद्दू से अचार तक /, 2011
670 ## - SOURCE DATA FOUND
- Source citation: Work cat.: (dpl): गुप्ते, सुनीला 39706, कद्दू से अचार तक /, 2011
